Teilnehmer der Fußball-WM 2022 - Statistiken

Allgemein
  • Dieses Quiz wurde 11 mal gespielt
  • Das Durchschnittsergebnis liegt bei 24 aus 32
Antwortstatistiken
Antwort % Korrekt
Spanien
100%
Deutschland
90%
Frankreich
90%
Portugal
90%
Schweiz
90%
Argentinien
80%
Australien
80%
Brasilien
80%
Costa Rica
80%
Ghana
80%
Japan
80%
Kanada
80%
Katar
80%
Marokko
80%
Mexiko
80%
Niederlande
80%
Saudi Arabien
80%
USA
80%
Ecuador
70%
England
70%
Kroatien
70%
Polen
70%
Senegal
70%
Serbien
70%
Südkorea
70%
Uruguay
70%
Belgien
60%
Dänemark
60%
Iran
60%
Tunesien
50%
Wales
50%
Kamerun
40%
Keine übereinstimmenden Quizze gefunden
Verteilung der Resultate
Anzahl Personen mit jedem Resultat
Perzentil nach korrekt beantworteten Fragen
Ihre Resultats-Entwicklung
Sie haben dieses Quiz noch nicht gespielt